History of Morocco 🇲🇦 - Statistics

General Stats
  • This quiz has been taken 43 times
  • The average score is 8 of 30
Answer Stats
Hint Answer % Correct
Nomadic indigenous people of Morocco Berbers
97%
Empire that annexed the above kingdom in 44 AD Roman Empire
53%
East Germanic tribe that sacked the above empire and invaded Morocco Vandals
47%
People who founded settlements on the Moroccan coast starting from 700s BC Phoenicians
40%
Spain
40%
European countries that colonized Morocco (in alphabetical order) France
37%
Empire that took over in the 7th century, spreading Islam to Morocco Umayyad Caliphate
37%
Empire, initially a settlement of the above, that controlled Morocco Carthage
33%
Capital of the above dynasty founded in 1070, known for its red wall Marrakesh
33%
Capital of the above sultanate, home to the oldest university in the world Fes
30%
Explorer of this period who wrote a book about his travels around the world Ibn Battuta
30%
Kingdom founded in Morocco in the 3rd century BC Mauretania
30%
Former Spanish colony claimed by Morocco Western Sahara
30%
11th century dynasty that stretches from the Tagus River to the Senegal River Almoravid Dynasty
27%
Successor state to the above dynasty, adhered to strict Islam Almohad Caliphate
23%
Successor state to the above empire, gaining control in the 5th century Byzantine Empire
23%
Dynasty that had ruled Morocco since 1631 ‘Alawi Dynasty
17%
Longest-reigning sultan of the above who moved the capital to Meknes Ismail Ibn Sharif
17%
Successor state to the above caliphate, lost certain amounts of territory Marinid Sultanate
17%
1921-1926 failed war led by tribesman Abd el-Krim against colonizers Rif War
17%
Leader of the above who maintained independence from the Ottomans Ahmad al-Mansur
13%
1212 battle in which the above caliphate was defeated by Iberian Christians Battle of Las Navas de Tolosa
13%
Sultanate founded in 1510 to resist Portuguese occupation of coastal regions Saadi Sultanate
13%
1963-1964 war fought against neighboring Algeria Sand War
13%
1086 battle that halted Christian advance into al-Andalus Battle of Sagrajas
10%
African slave army that seized power in the turmoil following the above's death Black Guard
10%
Party that was the pioneer for the Moroccan independence movement Istiqlal Party
10%
740-743 revolt which led to Moroccan states seceding from the above Berber Revolt
7%
Monarch who restored order and recognized the United States in 1777 Mohammed III
7%
1960s to 1980s period in which opponents of the king were “written off” Years of Lead
7%
No matching quizzes found
Score Distribution
Percent of People with Each Score
Percentile by Number Answered
Your Score History
You have not taken this quiz